Analysis of genes and genomes
Сохранить в:
| Главный автор: | |
|---|---|
| Формат: | |
| Язык: | английский |
| Опубликовано: |
Chichester
John Wiley
2004
|
| Редактирование: | 1a. ed |
| Предметы: | |
| Метки: |
Добавить метку
Нет меток, Требуется 1-ая метка записи!
|
MARC
| LEADER | 00000nam a2200000 a 4500 | ||
|---|---|---|---|
| 001 | UCJ0309 | ||
| 003 | CL-VaPUC | ||
| 008 | 060714e20040000UK |||||||||||||||||eng|d | ||
| 020 | |a 0470843802 | ||
| 082 | 0 | 4 | |a 572.86 |b REE |2 21 |
| 100 | 0 | |a Reece, Richard J |e author |9 500383 | |
| 245 | 1 | 0 | |a Analysis of genes and genomes |
| 250 | |a 1a. ed | ||
| 300 | |a 469 p | ||
| 942 | |c BK | ||
| 945 | |d 20060714 00:00:00 |a cmena | ||
| 260 | |a Chichester |b John Wiley |c 2004 | ||
| 650 | 0 | |a Genética molecular |9 269770 | |
| 650 | 0 | |a Ingeniería genética |9 263020 | |
| 650 | 0 | |a Métodos de investigación |9 262618 | |
| 583 | |a last modification |c 20130305 03:45:10 |k Rodrigo Vera | ||
| 999 | |c 317174 |d 317172 | ||
| 952 | |0 0 |1 0 |4 0 |6 572_860000000000000_REE_2004 |7 0 |8 A |9 393167 |a BIBAGR |b BIBAGR |d 2019-11-22 |i 4256611 |o 572.86 REE 2004 |p 4256611 |r 2025-01-20 |w 2019-11-22 |y BK |k AGR | ||